| 000 | 00501nam a2200181Ia 4500 | ||
|---|---|---|---|
| 003 | GCL | ||
| 008 | 140319s9999 xx 000 0 ara d | ||
| 040 |
_aGCL / _cGCL |
||
| 082 | 0 | 4 |
_a928.1 _bش م |
| 100 | 1 | _aشوقى ضيف | |
| 245 | 1 | 0 |
_aمع العقاد / _cشوقى ضيف |
| 300 | _a174 ص | ||
| 490 |
_aاقرأ _v0 |
||
| 650 | 0 | 4 | _aالادباء المصريون |
| 650 | 0 | 4 | _aعباس محمود العقاد |
| 650 | 0 | 4 | _aالادب العربى - تاريخ ونقد |
| 942 |
_2ddc _cBK |
||
| 999 |
_c50217 _d50217 |
||